Economic and social geography / (Record no. 130899)

MARC details
000 -LEADER
fixed length control field 00711nam a22002417a 4500
005 - DATE AND TIME OF LATEST TRANSACTION
control field 20170124110119.0
010 ## - LIBRARY OF CONGRESS CONTROL NUMBER
LC control number 159266
020 ## - INTERNATIONAL STANDARD BOOK NUMBER
Terms of availability 00.00
035 ## - SYSTEM CONTROL NUMBER
System control number 159266
037 ## - SOURCE OF ACQUISITION
Source of stock number/acquisition Cen Lib/Ret
040 ## - CATALOGING SOURCE
Original cataloging agency DPL
Language of cataloging EN
082 ## - DEWEY DECIMAL CLASSIFICATION NUMBER
Classification number 911
Item number EKB
100 ## - MAIN ENTRY--PERSONAL NAME
Personal name Ekblaw, Sidney E.
9 (RLIN) 30374
245 ## - TITLE STATEMENT
Title Economic and social geography /
Statement of responsibility, etc by Sidney E.Ekblaw [and] Donald J.D. Mulerne
260 ## - PUBLICATION, DISTRIBUTION, ETC. (IMPRINT)
Place of publication, distribution, etc New York
Name of publisher, distributor, etc Gregg Publishing Division
Date of publication, distribution, etc 1958
270 ## - ADDRESS
Address New York
City New York
300 ## - PHYSICAL DESCRIPTION
Extent 415p. :
Dimensions 23cm(Hb)
Other physical details ill.
500 ## - GENERAL NOTE
General note Includes index
650 ## - SUBJECT ADDED ENTRY--TOPICAL TERM
Topical term or geographic name as entry element Economic geography
9 (RLIN) 7891
650 ## - SUBJECT ADDED ENTRY--TOPICAL TERM
Topical term or geographic name as entry element Human geography
9 (RLIN) 30375
700 ## - ADDED ENTRY--PERSONAL NAME
Personal name Mulerne, Donald J.D.
9 (RLIN) 30376
942 ## - ADDED ENTRY ELEMENTS (KOHA)
Source of classification or shelving scheme Dewey Decimal Classification
Koha item type English Books
Classification part 911
Call number suffix EKB
Holdings
Withdrawn status Lost status Damaged status Not for loan Home library Current library Date acquired Source of acquisition Cost, normal purchase price Total Checkouts Full call number Barcode Date last seen Copy number Cost, replacement price Price effective from Koha item type Public note
Written off       Central Library Central Library 10/07/2015 Cen Lib/Ret 0.00   911 EKB 159266 10/07/2015 1 0.00 10/07/2015 English Books W/d List No. 8133/3; dtd 20.2.2017

© Delhi Public Library
Hit Counter
free hit counter